000 00304nam a22001337a 4500
008 171010b xxu||||| |||| 00| 0 eng d
020 _a9780761901235
041 _aeng
080 _23RD
_a316
100 _a50
101 _aSOC
245 _aINTIMATE VIOLENCE IN FAMILIES
_cGELLES,R.J
942 _2udc
_cBK
999 _c32786
_d32786